Telling the truth : (Record no. 10472)
[ view plain ]
| 000 -LEADER | |
|---|---|
| fixed length control field | 01135cam a2200313 i 4500 |
| 001 - CONTROL NUMBER | |
| control field | 3204501 |
| 003 - CONTROL NUMBER IDENTIFIER | |
| control field | OCoLC |
| 005 - DATE AND TIME OF LATEST TRANSACTION | |
| control field | 20241126110733.0 |
| 008 - FIXED-LENGTH DATA ELEMENTS--GENERAL INFORMATION | |
| fixed length control field | 770727s1977 cau b 000 0 eng |
| 010 ## - | |
| -- | 77010586 |
| 020 ## - INTERNATIONAL STANDARD BOOK NUMBER | |
| International Standard Book Number | 0060611561 |
| 020 ## - INTERNATIONAL STANDARD BOOK NUMBER | |
| International Standard Book Number | 9780060611569 |
| 040 ## - CATALOGING SOURCE | |
| Original cataloging agency | DLC |
| Language of cataloging | eng |
| Transcribing agency | DLC |
| Modifying agency | BAKER |
| -- | BTCTA |
| -- | YDXCP |
| -- | VLB |
| -- | CTB |
| -- | OCLCQ |
| -- | TXBWN |
| -- | BDX |
| -- | PKFCC |
| -- | OCLCF |
| 050 0# - | |
| -- | BV4211.2 |
| -- | .B78 1977 |
| 082 ## - DEWEY DECIMAL CLASSIFICATION NUMBER | |
| Classification number | 251 |
| Item number | BUE |
| 100 1# - MAIN ENTRY--PERSONAL NAME | |
| Personal name | Buechner, Frederick, |
| Dates associated with a name | 1926- |
| 9 (RLIN) | 18243 |
| 245 10 - TITLE STATEMENT | |
| Title | Telling the truth : |
| Remainder of title | the Gospel as tragedy, comedy, and fairy tale / |
| Statement of responsibility, etc. | Frederick Buechner. |
| 250 ## - EDITION STATEMENT | |
| Edition statement | 1st ed. |
| 260 ## - PUBLICATION, DISTRIBUTION, ETC. | |
| Place of publication, distribution, etc. | San Francisco : |
| Name of publisher, distributor, etc. | Harper & Row, |
| Date of publication, distribution, etc. | c1977. |
| 300 ## - PHYSICAL DESCRIPTION | |
| Extent | 97 p. ; |
| Dimensions | 21 cm. |
| 490 1# - SERIES STATEMENT | |
| Series statement | Lyman Beecher lectures, 1977 |
| 504 ## - BIBLIOGRAPHY, ETC. NOTE | |
| Bibliography, etc. note | Includes bibliographical references. |
| 505 0# - FORMATTED CONTENTS NOTE | |
| Formatted contents note | Telling the truth -- The gospel as tragedy -- The gospel as comedy -- The gospel as fairy tale |
| 520 ## - SUMMARY, ETC. | |
| Summary, etc. | Gift of Union Presby. Church Sustain Trust Fund. |
| 650 #0 - SUBJECT ADDED ENTRY--TOPICAL TERM | |
| Topical term or geographic name entry element | Preaching. |
| 9 (RLIN) | 404 |
| 650 #0 - SUBJECT ADDED ENTRY--TOPICAL TERM | |
| Topical term or geographic name entry element | Communication |
| General subdivision | Religious aspects |
| -- | Christianity. |
| 9 (RLIN) | 1427 |
| 830 #0 - | |
| -- | Lyman Beecher lectures ; |
| -- | 1977. |
| -- | 18244 |
| 942 ## - ADDED ENTRY ELEMENTS (KOHA) | |
| Source of classification or shelving scheme | Dewey Decimal Classification |
| Koha item type | Books |
| Withdrawn status | Lost status | Source of classification or shelving scheme | Damaged status | Not for loan | Home library | Current Library | Shelving location | Date acquired | Total checkouts | Full call number | Barcode | Date last seen | Copy number | Price effective from | Koha item type |
|---|---|---|---|---|---|---|---|---|---|---|---|---|---|---|---|
| Dewey Decimal Classification | GRACE BIBLE COLLEGE | GRACE BIBLE COLLEGE | Ministry & Mission | 2024-07-25 | 251 BUE | 016271 | 2025-05-01 | c.1 | 2024-07-25 | Books |